000 00709nam a2200253Ia 4500
003 OSt
005 20220918222427.0
006 a|||||r|||| 00| 0
007 ta
008 220917b |||||||| |||| 00| 0 eng d
024 _a216,858
037 _cTextual
040 _aARTS
_cARTS
_beng
041 _2eng
_aeng
082 _aY73(P15):1v73, P1
100 _aShoemaker Nancy Ed.
_9143122
245 0 _aAmerican Indians
260 _aUSA
_bBlackwell pub.
_c2001
300 _aix, 291p
_ccm.
490 _aBlackwell readers in American Social and Cultural History
650 _aSOCIOLOGY
942 _hY73(P15):1v73, P1
_cTEXL
_2CC
999 _c275489
_d275489